Estudios filosóficos / (Record no. 112387)
[ view plain ]
| 000 -LEADER | |
|---|---|
| campo de control de longitud fija | 00608nam a2200181 4500 |
| 001 - NÚMERO DE CONTROL | |
| campo de control | 112387 |
| 003 - IDENTIFICADOR DE NÚMERO DE CONTROL | |
| campo de control | ES-MaACL |
| 005 - FECHA Y HORA DE LA ÚLTIMA TRANSACCIÓN | |
| campo de control | 20231229062529.0 |
| 007 - CAMPO FIJO DE DESCRIPCIÓN FÍSICA--INFORMACIÓN GENERAL | |
| campo de control de longitud fija | t| |
| 008 - DATOS DE LONGITUD FIJA--INFORMACIÓN GENERAL | |
| campo de control de longitud fija | 061121s1928 sp r ||||1| spa d |
| 100 1# - ENTRADA PRINCIPAL--NOMBRE DE PERSONA | |
| Nombre de persona | Ortega y Gasset, José, |
| Fechas asociadas al nombre | 1883-1955 |
| 9 (RLIN) | 87503 |
| 245 10 - MENCIÓN DEL TÍTULO | |
| Título | Estudios filosóficos / |
| Mención de responsabilidad, etc. | José Ortega y Gasset. |
| 260 ## - PUBLICACIÓN, DISTRIBUCIÓN, ETC. | |
| Lugar de publicación, distribución, etc. | Madrid : |
| Nombre del editor, distribuidor, etc. | Artes de la Ilustración, |
| Fecha de publicación, distribución, etc. | 1928. |
| 300 ## - DESCRIPCIÓN FÍSICA | |
| Extensión | 244 p. ; |
| Dimensiones | 19 cm. |
| 505 8# - NOTA DE CONTENIDO CON FORMATO | |
| Nota de contenido con formato | Contiene: El tema de nuestro tiempo. El ocaso de las revoluciones. El sentido histórico de la teoría de Einstein |
| 852 ## - LOCALIZACIÓN | |
| Ubicación | ES-MaACL |
| Número de control de estantería | F-12561 |
| Estatus retirado | Estado de pérdida | Estado de daño | No para préstamo | Biblioteca de origen | Biblioteca actual | Ubicación en estantería | Fecha de adquisición | Fuente de adquisición | Total de préstamos | Signatura topográfica completa | Código de barras | Visto por última vez | Precio de reemplazo | Tipo de ítem Koha |
|---|---|---|---|---|---|---|---|---|---|---|---|---|---|---|
| Biblioteca del Ateneo de Madrid | Biblioteca del Ateneo de Madrid | Sala Pecera Planta 2 | 17/01/2008 | F-12561 | 1117235 | 23/02/2023 | 23/02/2023 | Libro impreso |
